|
|
|
|
| LEADER |
00000nam0a2200000 4500 |
| 001 |
348857 |
| 005 |
20231102010140.0 |
| 035 |
|
|
|a (RuTPU)RU\TPU\retro\712
|
| 090 |
|
|
|a 348857
|
| 100 |
|
|
|a 20180322d1962 km y0rusy50 ca
|
| 101 |
0 |
|
|a rus
|
| 102 |
|
|
|a RU
|
| 105 |
|
|
|a a z 001zy
|
| 200 |
1 |
|
|a Телемеханизация добычи нефти
|f А. Л. Абрукин, Л. А. Хирных
|
| 210 |
|
|
|a Москва
|c Гостоптехиздат
|d 1962
|
| 215 |
|
|
|a 303 с.
|c ил.
|
| 320 |
|
|
|a Библиогр.: с. 300-301
|
| 606 |
1 |
|
|a Нефтяные промыслы
|x Телемеханизация
|x Эффективность
|2 stltpush
|3 (RuTPU)RU\TPU\subj\46049
|9 65236
|
| 610 |
1 |
|
|a нефтепромыслы
|
| 610 |
1 |
|
|a автоматизация
|
| 610 |
1 |
|
|a системы телемеханики
|
| 610 |
1 |
|
|a избирательные устройства
|
| 610 |
1 |
|
|a методы
|
| 610 |
1 |
|
|a телеуправление
|
| 610 |
1 |
|
|a телесигнализация
|
| 610 |
1 |
|
|a телеизмерения
|
| 610 |
1 |
|
|a датчики
|
| 610 |
1 |
|
|a глубиннонасосные скважины
|
| 610 |
1 |
|
|a монтаж
|
| 610 |
1 |
|
|a наладка
|
| 610 |
1 |
|
|a эксплуатация
|
| 610 |
1 |
|
|a диспетчерские службы
|
| 675 |
|
|
|a 622.323.012:658.28
|v 4
|
| 700 |
|
1 |
|a Абрукин
|b А. Л.
|g Абрам Львович
|
| 701 |
|
1 |
|a Хирных
|b Л. А.
|g Леонид Андреевич
|
| 801 |
|
1 |
|a RU
|b 63413507
|c 20180322
|
| 801 |
|
2 |
|a RU
|b 63413507
|c 20180323
|g RCR
|
| 942 |
|
|
|c BK
|